000 00301nam a22001337a 4500
008 181022b xxu||||| |||| 00| 0 eng d
020 _a9781133361589
041 _aeng
080 _a330.101
100 _a52
101 _aMAC
245 _aPrinciples Macroeconomics
_cMnakiw.G.N
942 _2udc
_cBK
999 _c50493
_d50493